All NBA PLAYERS (24-25 Season) PART 1 - Statistics

General Stats
  • This quiz has been taken 11 times
  • The average score is 129 of 500
Answer Stats
Teams Answer % Correct
Los Angeles Lakers (SG) Bronny James
100%
Los Angeles Lakers (SF) Lebron James
100%
Los Angeles Lakers (PG) Luka Doncic
90%
Milwaukee Bucks (SG) AJ Green
80%
Houston Rockets (PG) Amen Thompson
80%
Detroit Pistons (SF) Ausar Thompson
80%
Boston Celtics (PG) Derrick White
80%
Golden State Warriors (PF) Draymond Green
80%
Orlando Magic (SG) Ethan Thompson
80%
Houston Rockets (SG) Jalen Green
80%
Oklahoma City Thunder (SF) Jalen Williams
80%
Indiana Pacers (PF) James Johnson
80%
Oklahoma City Thunder (PF) Jaylin Williams
80%
Denver Nuggets (C) Nikola Jokic
80%
Charlotte Hornets (PG) Seth Curry
80%
Golden State Warriors (PG) Stephen Curry
80%
Cleveland Cavaliers (PF) Tristan Thompson
80%
New Orleans Pelicans (PF) Zion Williamson
80%
Washington Wizards (PG) AJ Johnson
70%
Milwaukee Bucks (PG) Andre Jackson Jr.
70%
Miami Heat (C) Bam Adebayo
70%
Brooklyn Nets (SF) Cameron Johnson
70%
Brooklyn Nets (SF) Cam Thomas
70%
San Antonio Spurs (PG) Chris Paul
70%
Chicago Bulls (PG) Coby White
70%
Milwaukee Bucks (PG) Damian Lillard
70%
San Antonio Spurs (PG) De'Aaron Fox
70%
Cleveland Cavaliers (PG) Donovan Mitchell
70%
Los Angeles Lakers (SF) Dorian Finney-Smith
70%
Miami Heat (SG) Dru Smith
70%
Memphis Grizzlies (SF) GG Jackson II
70%
Charlotte Hornets (SF) Grant Williams
70%
Indiana Pacers (PF) Isaiah Jackson
70%
Houston Rockets (PF) Jabari Smith Jr.
70%
Chicago Bulls (PF) Jalen Smith
70%
Memphis Grizzlies (PG) Ja Morant
70%
Memphis Grizzlies (PF) Jaren Jackson Jr.
70%
Cleveland Cavaliers (SF) Javonte Green
70%
Houston Rockets (PF) Jeff Green
70%
Golden State Warriors (SF) Jimmy Butler
70%
Charlotte Hornets (SF) Josh Green
70%
San Antonio Spurs (SF) Keldon Johnson
70%
Oklahoma City Thunder (SF) Kenrich Williams
70%
Brooklyn Nets (SF) Keon Johnson
70%
Miami Heat (SF) Keshad Johnson
70%
Charlotte Hornets (PG) LaMelo Ball
70%
Chicago Bulls (PG) Lonzo Ball
70%
Charlotte Hornets (C) Mark Williams
70%
Houston Rockets (SG) Nate Williams
70%
Charlotte Hornets (SG) Nick Smith Jr.
70%
Chicago Bulls (PF) Patrick Williams
70%
Indiana Pacers (SG) Quenton Jackson
70%
Portland Trailblazers (C) Robert Williams III
70%
Oklahoma City Thunder (PG) Shai Gilgeous-Alexander
70%
Detroit Pistons (PF) Tolu Smith III
70%
Milwaukee Bucks (PF) Tyler Smith
70%
Indiana Pacers (PG) Tyrese Haliburton
70%
Memphis Grizzlies (SF) Vince Williams Jr.
70%
Brooklyn Nets (SF) Ziaire Williams
70%
Oklahoma City Thunder (PG) Ajay Mitchell
60%
Minnesota Timberwolves (SF) Anthony Edwards
60%
Los Angeles Lakers (SF) Austin Reaves
60%
Los Angeles Clippers (SF) Ben Simmons
60%
Oklahoma City Thunder (PG) Carson Wallace
60%
Miami Heat (PG) Davion Mitchell
60%
Denver Nuggets (C) DeAndre Jordan
60%
Sacramento Kings (SF) DeMar DeRozan
60%
Denver Nuggets (PG) Jamal Murray
60%
Los Angeles Clippers (PG) James Harden
60%
Philadelphia 76ers (PG) Jarred Butler
60%
Boston Celtics (SF) Jaylen Brown
60%
Boston Celtics (SF) Jayson Tatum
60%
Philadelphia 76ers (PF) Joel Embiid
60%
New York Knicks (PF) Karl-Anthony Towns
60%
Los Angeles Clippers (SF) Kawhi Leonard
60%
Phoenix Suns (SF) Kevin Durant
60%
Washington Wizards (SF) Kyshawn George
60%
Minnesota Timberwolves (SF) Nickeil Alexander-Walker
60%
Philadelphia 76ers (SF) Paul George
60%
Minnesota Timberwolves (C) Rudy Gobert
60%
Sacramento Kings (SF) Terence Davis
60%
Atlanta Hawks (PG) Trae Young
60%
Golden State Warriors (PF) Trayce Jackson Davis
60%
Denver Nuggets (SF) Aaron Gordon
50%
Oklahoma City Thunder (SF) Aaron Wiggins
50%
Miami Heat (SF) Andrew Wiggins
50%
Portland Trailblazers (PG) Anfernee Simons
50%
Orlando Magic (PG) Anthony Black
50%
New Orleans Pelicans (SF) Antonio Reeves
50%
Phoenix Suns (SG) Bradley Beal
50%
Toronto Raptors (SF) Brandon Ingram
50%
Charlotte Hornets (SF) Brandon Miller
50%
Milwaukee Bucks (C) Brook Lopez
50%
New Orleans Pelicans (SF) Bruce Brown Jr.
50%
Detroit Pistons (PG) Cade Cunningham
50%
Memphis Grizzlies (SF) Desmond Bane
50%
Phoenix Suns (PG) Devin Booker
50%
Sacramento Kings (PF) Domantas Sabonis
50%
Chicago Bulls (SF) Emanuel Miller
50%
Phoenix Suns (SF) Grayson Allen
50%
Chicago Bulls (PG) Jahmir Young
50%
New York Knicks (PG) Jalen Brunson
50%
Detroit Pistons (PF) Jalen Duren
50%
Cleveland Cavaliers (C) Jarrett Allen
50%
Los Angeles Lakers (PF) Jaxson Hayes
50%
Minnesota Timberwolves (C) Jesse Edwards
50%
Los Angeles Clippers (SF) Jordan Miller
50%
Boston Celtics (PG) Jrue Holiday
50%
Philadelphia 76ers (SF) Justin Edwards
50%
Los Angeles Clippers (PF) Kobe Brown
50%
Minnesota Timberwolves (SF) Leonard Miller
50%
Indiana Pacers (C) Myles Turner
50%
New York Knicks (SF) OG Anunoby
50%
Orlando Magic (SF) Paolo Banchero
50%
Los Angeles Lakers (SF) Rui Hachimura
50%
Denver Nuggets (PG) Russell Westbrook
50%
Toronto Raptors (SF) Scottie Barnes
50%
San Antonio Spurs (PF) Victor Wembanyama
50%
Memphis Grizzlies (C) Zach Edey
50%
Sacramento Kings (SF) Zach LaVine
50%
Houston Rockets (PG) Aaron Holiday
40%
Houston Rockets (C) Alperen Sengun
40%
Washington Wizards (SG) Colby Jones
40%
Cleveland Cavaliers (PG) Darius Garland
40%
Portland Trailblazers (C) Deandre Ayton
40%
Phoenix Suns (PF) DeAndre Ayton
40%
Los Angeles Clippers (SF) Derrick Jones Jr.
40%
Oklahoma City Thunder (SF) Dillon Jones
40%
Philadelphia 76ers (SF) Eric Gordon
40%
Orlando Magic (SF) Gary Harris
40%
San Antonio Spurs (SF) Harrison Barnes
40%
San Antonio Spurs (SF) Harrison Ingram
40%
New Orleans Pelicans (SF) Herb Jones
40%
Sacramento Kings (PF) Isaac Jones
40%
Oklahoma City Thunder (C) Isaiah Hartenstein
40%
Portland Trailblazers (PF) Jabari Walker
40%
Phoenix Suns (SF) Jalen Bridges
40%
Orlando Magic (PG) Jalen Suggs
40%
Indiana Pacers (PF) Jarace Walker
40%
Portland Trailblazers (PF) Jerami Grant
40%
Sacramento Kings (C) Jonas Valanciunas
40%
Washington Wizards (PG) Jordan Poole
40%
Chicago Bulls (PG) Josh Giddey
40%
New York Knicks (SF) Josh Hart
40%
Minnesota Timberwolves (PF) Julius Randle
40%
Miami Heat (PF) Kevin Love
40%
Boston Celtics (PF) Kristaps Porzingis
40%
Milwaukee Bucks (SF) Kyle Kuzma
40%
Philadelphia 76ers (PG) Kyle Lowry
40%
Philadelphia 76ers (SF) Lonnie Walker IV
40%
Sacramento Kings (SF) Mason Jones
40%
New York Knicks (SF) Mikal Bridges
40%
Charlotte Hornets (SF) Miles Bridges
40%
Minnesota Timberwolves (C) Naz Reid
40%
Indiana Pacers (PF) Pascal Siakam
40%
Denver Nuggets (SF) Spencer Jones
40%
Houston Rockets (C) Steven Adams
40%
Milwaukee Bucks (SF) Taurean Prince
40%
Detroit Pistons (SF) Tobias Harris
40%
Chicago Bulls (PG) Tre Jones
40%
Denver Nuggets (SG) Trey Alexander
40%
New Orleans Pelicans (SF) Trey Murphy III
40%
Miami Heat (PG) Tyler Herro
40%
Philadelphia 76ers (PG) Tyrese Maxey
40%
Phoenix Suns (PG) Tyus Jones
40%
Oklahoma City Thunder (PG) Alex Caruso
30%
Boston Celtics (PF) Al Horford
30%
Indiana Pacers (PG) Andrew Nembhard
30%
Indiana Pacers (SF) Bennedict Mathurin
30%
Milwaukee Bucks (PF) Bobby Portis Jr.
30%
Memphis Grizzlies (SF) Brandon Clarke
30%
Golden State Warriors (SF) Buddy Hield
30%
Washington Wizards (PG) Carlton Carrington
30%
Oklahoma City Thunder (PF) Chet Holmgren
30%
New Orleans Pelicans (PG) CJ McCollum
30%
Atlanta Hawks (SF) Clint Capela
30%
Phoenix Suns (SF) Cody Martin
30%
Orlando Magic (PG) Cole Anthony
30%
Cleveland Cavaliers (PG) Craig Porter Jr.
30%
Los Angeles Lakers (SF) Dalton Knecht
30%
Brooklyn Nets (PG) D'Angelo Russell
30%
Brooklyn Nets (PF) Day'Ron Sharpe
30%
Minnesota Timberwolves (PG) Donte DiVincenzo
30%
Miami Heat (SF) Duncan Robinson
30%
Cleveland Cavaliers (PF) Evan Mobley
30%
Orlando Magic (SF) Franz Wagner
30%
Houston Rockets (PG) Fred VanVleet
30%
Los Angeles Lakers (PG) Gabe Vincent
30%
Toronto Raptors (SF) Gradey Dick
30%
Detroit Pistons (PG) Jaden Ivey
30%
Philadelphia 76ers (PG) Jarred McCain
30%
Minnesota Timberwolves (SG) Jaylen Clark
30%
Washington Wizards (SF) Jaylen Martin
30%
Orlando Magic (SF) Kentavious Caldwell-Pope
30%
Milwaukee Bucks (PG) Kevin Porter Jr.
30%
Washington Wizard (SF) Khris Middleton
30%
Charlotte Hornets (PG) KJ Simpson
30%
Oklahoma City Thunder (SF) Luguentz Dort
30%
Cleveland Cavaliers (SF) Max Strus
30%
Brooklyn Nets (SF) Maxwell Lewis
30%
Denver Nuggets (SF) Michael Porter Jr.
30%
Minnesota Timberwolves (PG) Mike Conley Jr
30%
New York Knicks (C) Mitchell Robinson
30%
Orlando Magic (PF) Moritz Wagner
30%
Chicago Bulls (C) Nikola Vucevic
30%
Detroit Pistons (PF) Paul Reed
30%
Boston Celtics (PG) Payton Pritchard
30%
Toronto Raptors (SF) RJ Barrett
30%
Memphis Grizzlies (PG) Scotty Pippen Jr.
30%
Portland Trailblazers (SF) Shaedon Sharpe
30%
San Antonio Spurs (PG) Stephon Castle
30%
Indiana Pacers (C) Thomas Bryant
30%
Indiana Pacers (PG) T.J. Mconnell
30%
Charlotte Hornets (PG) Tre Mann
30%
Brooklyn Nets (SF) Tyrese Martin
30%
Indiana Pacers (SF) Aaron Nesmith
20%
Philadelphia 76ers (PF) Adem Bona
20%
Washington Wizards (PF) Alex Sarr
20%
New York Knicks (SF) Anton Watson
20%
Los Angeles Clippers (SF) Bogan Bogdanovic
20%
Golden State Warriors (SG) Brandon Podziemski
20%
New York Knicks (PG) Cameron Payne
20%
Denver Nuggets (SF) Christian Braun
20%
Cleveland Cavaliers (SF) De'Andre Hunter
20%
Cleveland Cavaliers (SF) Dean Wade
20%
Detroit Pistons (PG) Dennis Schroder
20%
San Antonio Spurs (SF) Devin Vassell
20%
Houston Rockets (SF) Dillon Brooks
20%
Atlanta Hawks (PG) Dyson Daniels
20%
New Orleans Pelicans (PG) Elfrid Payton
20%
Indiana Pacers (PF) Enrique Freeman
20%
Golden State Warriors (PG) Gary Payton II
20%
Milwaukee Bucks (PG) Gary Trent Jr.
20%
Philadelphia 76ers (SF) Guerschon Yabusele
20%
Detroit Pistons (PF) Isaiah Stewart
20%
Los Angeles Clippers (C) Ivica Zubac
20%
Minnesota Timberwolves (SF) Jaden McDaniels
20%
Toronto Raptors (C) Jakob Poeltl
20%
Brooklyn Nets (SF) Jalen Wilson
20%
Memphis Grizzlies (SF) Jaylen Wells
20%
Milwaukee Bucks (C) Jericho Sims
20%
Golden State Warriors (PF) Jonathan Kuminga
20%
Boston Celtics (SF) Jordan Walsh
20%
Charlotte Hornets (C) Jusuf Nurkic
20%
New Orleans Pelicans (SF) Keion Brooks Jr.
20%
Miami Heat (C) Kel'el Ware
20%
Philadelphia 76ers (SF) Kelly Oubre Jr.
20%
Chicago Bulls (SF) Kevin Hunter
20%
Golden State Warriors (PF) Kevon Looney
20%
Miami Heat (SF) Kyle Anderson
20%
Detroit Pistons (SF) Malik Beasley
20%
Sacramento Kings (SG) Malik Monk
20%
Washington Wizards (PG) Marcus Smart
20%
Chicago Bulls (PF) Matas Buzelis
20%
Brooklyn Nets (C) Nic Claxton
20%
Miami Heat (SF) Nikola Jovic
20%
Los Angeles Clippers (SF) Norman Powell
20%
Indiana Pacers (PF) Obi Toppin
20%
Los Angeles Clippers (PG) Patty Mills
20%
Miami Heat (SF) Pelle Larsson
20%
Denver Nuggets (SF) Peyton Watson
20%
Denver Nuggets (C) PJ Hall
20%
Indiana Pacers (PG) RayJ Dennis
20%
Detroit Pistons (SF) Ron Harper Jr.
20%
Memphis Grizzlies (PF) Santi Aldama
20%
Portland Trailblazers (PG) Scoot Henderson
20%
Detroit Pistons (SF) Tim Hardaway Jr.
20%
Cleveland Cavaliers (PG) Ty Jerome
20%
Toronto Raptors (SG) A.J. Lawson
10%
Miami Heat (SF) Alec Burks
10%
Los Angeles Lakers (C) Alex Len
10%
Philadelphia 76ers (SF) Alex Reese
10%
Los Angeles Clippers (SF) Amir Coffey
10%
Philadelphia 76ers (C) Andre Drummond
10%
Washington Wizards (PF) Anthony Gill
10%
Washington Wizards (SF) Bilal Coulibaly
10%
Memphis Grizzlies (SG) Cam Spencer
10%
Atlanta Hawks (C) Caris LeVert
10%
Orlando Magic (PG) Cory Joseph
10%
Chicago Bulls (SF) Dalen Terry
10%
Phoenix Suns (SF) Damion Lee
10%
Detroit Pistons (PG) Daniss Jenkins
10%
San Antonio Spurs (SF) David Duke
10%
Portland Trailblazers (SF) Deni Avdija
10%
Sacramento Kings (PG) Devin Carter
10%
Portland Trailblazers (C) Donovan Clingan
10%
Boston Celtics (SF) Drew Peterson
10%
Atlanta Hawks (PF) Georges Niang
10%
Orlando Magic (C) Goga Bitadze
10%
Miami Heat (PF) Haywood Highsmith
10%
Denver Nuggets (SF) Hunter Tyson
10%
Toronto Raptors (PG) Immanuel Quickley
10%
Miami Heat (PG) Isaiah Stevens
10%
Atlanta Hawks (SF) Jacob Toppin
10%
Miami Heat (SF) Jaime Jaquez Jr.
10%
Toronto Raptors (SG) Ja'Kobe Walter
10%
Philadelphia 76ers (SG) Jalen Hood-Schifino
10%
Atlanta Hawks (PF) Jalen Johnson
10%
New Orleans Pelicans (SF) Jamal Cain
10%
Los Angeles Lakers (PF) Jarred Vanderbilt
10%
Memphis Grizzlies (C) Jay Huff
10%
Cleveland Cavaliers (SF) Jayson Tyson
10%
Boston Celtics (PG) Jerdarrian Devontae Davison
10%
San Antonio Spurs (PG) Jeremy Sochan
10%
Orlando Magic (SG) Jett Howard
10%
Chicago Bulls (PG) Jevon Carter
10%
Indiana Pacers (SF) Johnny Furphy
10%
Orlando Magic (SF) Jonathan Isaac
10%
Los Angeles Lakers (PG) Jordan Goodwin
10%
San Antonio Spurs (SF) Julian Champagnie
10%
Chicago Bulls (SF) Julian Phillips
10%
Washington Wizards (SF) Justin Champagnie
10%
Sacramento Kings (SG) Keon Tyrese Ellis
10%
Los Angeles Clippers (PG) Kris Dunn
10%
Memphis Grizzlies (SF) Lamar Stevens
10%
Memphis Grizzlies (SF) Luke Kennard
10%
Washington Wizards (PG) Malcolm Brogdon
10%
Los Angeles Lakers (PF) Markieff Morris
10%
New York Knicks (PG) Miles McBride
10%
Phoenix Suns (PG) Monte Morris
10%
Golden State Warriors (SF) Moses Moody
10%
Houston Rockets (C) N'Faly Dante
10%
Phoenix Suns (C) Nick Richards
10%
Los Angeles Clippers (SF) Nicolas Batum
10%
Oklahoma City Thunder (PG) Nikola Topic
10%
Milwaukee Bucks (SF) Pat Connaughton
10%
Golden State Warriors (PG) Pat Spencer
10%
New York Knicks (PF) P.J. Tucker
10%
Philadelphia 76ers (SF) Quentin Grimes
10%
Philadelphia 76ers (SG) Ricky Council IV
10%
Detroit Pistons (SF) Ron Holland
10%
Phoenix Suns (SF) Royce O'Neale
10%
Phoenix Suns (SF) Ryan Dunn
10%
Milwaukee Bucks (SG) Ryan Rollins
10%
Washington Wizards (SF) Saddiq Bey
10%
Cleveland Cavaliers (SG) Sam Merrill
10%
Los Angeles Lakers (PG) Shake Milton
10%
Chicago Bulls (PG) Talen Horton-Tucker
10%
Golden State Warriors (PG) Taran Armstrong
10%
Miami Heat (PG) Terry Rozier
10%
Indiana Pacers (C) Tony Bradley
10%
Portland Trailblazers (SF) Toumani Camara
10%
Los Angeles Lakers (C) Trey Jemison III
10%
Orlando Magic (SF) Tristan da Silva
10%
Minnesota Timberwolves (SG) Tristen Newton
10%
Phoenix Suns (PG) Tyty Washington Jr.
10%
Orlando Magic (PF) Wendell Carter Jr.
10%
Charlotte Hornets (SF) Wendell Moore Jr.
10%
Boston Celtics (PF) Xavier Tillman Sr.
10%
New Orleans Pelicans (C) Yves Missi
10%
Atlanta Hawks (SF) Zaccharie Risacher
10%
Chicago Bulls (PF) Zach Collins
10%
Oklahoma City Thunder (PG) Adam Flagler
0%
Oklahoma City Thunder (SF) Alex Ducas
0%
New York Knicks (C) Ariel Hukporti
0%
Chicago Bulls (PG) Ayo Dosunmu
0%
Boston Celtics (SG) Baylor Scheierman
0%
Indiana Pacers (PG) Ben Sheppard
0%
San Antonio Spurs (C) Bismack Biyombo
0%
San Antonio Spurs (SG) Blake Wesley
0%
Detroit Pistons (PF) Bobi Klintman
0%
Phoenix Suns (PF) Bol Bol
0%
New Orleans Pelicans (SG) Brandon Boston Jr.
0%
Oklahoma City Thunder (C) Brandon Carlson
0%
Golden State Warriors (SF) Braxton Key
0%
Portland Trailblazers (SF) Bryce McGowens
0%
Orlando Magic (SF) Called Houstan
0%
Los Angeles Clippers (SG) Cam Christie
0%
Houston Rockets (SF) Cam Whitmore
0%
San Antonio Spurs (PF) Charles Bassey
0%
Toronto Raptors (PF) Chris Boucher
0%
Milwaukee Bucks (SF) Chris Livingston
0%
Los Angeles Lakers (C) Christian Koloko
0%
Cleveland Cavaliers (SF) Chuma Okeke
0%
Toronto Raptors (C) Colin Castleton
0%
Phoenix Suns (PG) Collin Gillespie
0%
Washington Wizards (SF) Corey Kispert
0%
Atlanta Hawks (SG) Daeqwon Plowden
0%
Portland Trailblazers (PG) Dalano Banton
0%
Charlotte Hornets (SG) Damion Baugh
0%
Charlotte Hornets (SF) DaQuan Jeffries
0%
Denver Nuggets (PF) Dario Saric
0%
Brooklyn Nets (SF) Dariq Whitehead
0%
Denver Nuggets (PF) DaRon Holmes II
0%
Houston Rockets (SF) David Roddy
0%
Brooklyn Nets (PG) De'Anthony Melton
0%
New Orleans Pelicans (PG) Dejounte Murrary
0%
New York Knicks (PG) Delon Wright
0%
Atlanta Hawks (SF) Dominick Barlow
0%
Sacramento Kings (SF) Doug McDermott
0%
Los Angeles Clippers (PF) Drew Eubanks
0%
Brooklyn Nets (PF) Drew Timme
0%
Portland Trailblazers (C) Duop Reath
0%
Chicago Bulls (PF) EJ Liddell
0%
Cleveland Cavaliers (SF) Emoni Bates
0%
Toronto Raptors (SF) Garrett Temple
0%
Atlanta Hawks (SF) Garrison Mathews
0%
Milwaukee Bucks (PF) Giannis Antekokounmpo
0%
Golden State Warriors (PF) Gui Santos
0%
Cleveland Cavaliers (SF) Isaac Okoro
0%
Sacramento Kings (SF) Isaiah Crawford
0%
Oklahoma City Thunder (PG) Isaiah Joe
0%
Houston Rockets (PF) Jack McVeigh
0%
Golden State Warriors (SF) Jackson Rowe
0%
Houston Rockets (SF) Jae'Sean Tate
0%
Sacramento Kings (SF) Jake Crowder
0%
Sacramento Kings (SF) Jake LaRavia
0%
Denver Nuggets (SF) Jalen Pickett
0%
Toronto Raptors (PG) Jamal Shead
0%
Milwaukee Bucks (PG) Jamaree Bouyea
0%
Toronto Raptors (SF) Jamison Battle
0%
Toronto Raptors (SG) Jarred Rhoden
0%
Philadelphia 76ers (PG) Jeff Dowtin Jr.
0%
New Orleans Pelicans (PF) Jeremiah Robinson-Earl
0%
Houston Rockets (C) Jock Landale
0%
Minnesota Timberwolves (SF) Joe Ingles
0%
Memphis Grizzlies (SF) John Konchar
0%
Toronto Raptors (PF) Jonathan Mogbo
0%
New Orleans Pelicans (SG) Jordan Hawkins
0%
San Antonio Spurs (PG) Jordan McLaughlin
0%
New Orleans Pelicans (PG) Joseph Alvarado
0%
Miami Heat (SG) Josh Christopher
0%
Minnesota Timberwolves (PF) Josh Minott
0%
Charlotte Hornets (SF) Josh Okogie
0%
Washington Wizards (SF) JT Thor
0%
Denver Nuggets (SF) Julian Strawther
0%
Portland Trailblazers (SF) Justin Minaya
0%
New Orleans Pelicans (PF) Karlo Matkovic
0%
Atlanta Hawks (SG) Keaton Wallace
0%
Sacramento Kings (SF) Keegan Murrary
0%
New Orleans Pelicans (PF) Kelly Olynyk
0%
Golden State Warriors (SF) Kevin Knox III
0%
New York Knicks (PG) Kevin McCullar Jr.
0%
Atlanta Hawks (PG) Kobe Bufkin
0%
Portland Trailblazers (SF) Kris Murrary
0%
New York Knicks (SG) Landry Shamet
0%
Atlanta Hawks (PF) Larry Nance, Jr.
0%
New Orleans Pelicans (SG) Lester Quinones
0%
Detroit Pistons (SF) Lindy Waters III
0%
Minnesota Timberwolves (PF) Luka Garza
0%
Boston Celtics (C) Luke Kornet
0%
Cleveland Cavaliers (SG) Luke Travers
0%
Orlando Magic (PG) Mac McClung
0%
San Antonio Spurs (SF) Malaki Branham
0%
Detroit Pistons (PG) Marcus Sasser
0%
New York Knicks (SF) MarJon Beauchamp
0%
Sacramento Kings (PG) Markelle Fultz
0%
Memphis Grizzlies (PF) Marvin Bagley III
0%
Phoenix Suns (C) Mason Plumlee
0%
Portland Trailblazers (SF) Matisse Thybulle
0%
Los Angeles Lakers (PF) Maxi Kleber
0%
Boston Celtics (PF) Miles Norris
0%
Atlanta Hawks (SF) Mouhamed Gueye
0%
Charlotte Hornets (PF) Moussa Diabate
0%
Cleveland Cavaliers (PF) Nae'Qwan Tomlin
0%
Minnesota Timberwolves (PG) Nah'Shon Hyland
0%
Boston Celtics (C) Neemias Queta
0%
Brooklyn Nets (PF) Noah Clowney
0%
Toronto Raptors (SF) Ochai Agbaji
0%
Atlanta Hawks (C) Onyeka Okongwu
0%
Phoenix Suns (PF) Oso Ighodaro
0%
Oklahoma City Thunder (SF) Ousmane Dieng
0%
New York Knicks (SF) Pacome Dadiet
0%
Los Angeles Clippers (SF) Patrick Baldwin Jr.
0%
Milwaukee Bucks (PF) Pete Nance
0%
New York Knicks (PF) Precious Achiuwa
0%
Golden State Warriors (PF) Quinten Post
0%
Brooklyn Nets (PG) Reece Beekman
0%
Houston Rockets (PG) Reed Sheppard
0%
Washington Wizards (PF) Richaun Holmes
0%
San Antonio Spurs (SF) Riley Minix
0%
Minnesota Timberwolves (PG) Rob Dillingham
0%
Portland Trailblazers (SG) Ryan Rupert
0%
Boston Celtics (SF) Sam Hauser
0%
San Antonio Spurs (PF) Sandro Mamukelashvili
0%
Los Angeles Clippers (SG) Seth Lundy
0%
Portland Trailblazers (SF) Sidy Cissoko
0%
Detroit Pistons (SF) Simone Frontecchio
0%
Milwaukee Bucks (SG) Stanley Umude
0%
Charlotte Hornets (PF) Taj Gibson
0%
Houston Rockets (SF) Tari Eason
0%
Atlanta Hawks (SF) Terance Mann
0%
Minnesota Timberwolves (SG) Terrence Shannon Jr.
0%
Charlotte Hornets (PF) Tidjane Salaun
0%
Boston Celtics (SF) Torrey Craig
0%
Brooklyn Nets (SF) Tosan Evbuomwan
0%
Brooklyn Nets (PF) Trendon Watford
0%
Los Angeles Clippers (SF) Trentyn Flowers
0%
Orlando Magic (PG) Trevelin Queen
0%
Sacramento Kings (PF) Trey Lyles
0%
Washington Wizards (PF) Tristan Vukcevic
0%
New York Knicks (PG) Tyler Kolek
0%
Brooklyn Nets (PG) Tyson Etienne
0%
Toronto Raptors (PF) Ulrich Chomche
0%
Phoenix Suns (PG) Vasillije Micic
0%
Atlanta Hawks (SF) Vit Krejci
0%
Denver Nuggets (PF) Vlatko Cancar
0%
Memphis Grizzlies (PG) Yuki Kawamure
0%
Denver Nuggets (PF) Zeke Nnaji
0%
Memphis Grizzlies (PG) Zyon Pullin
0%
No matching quizzes found
Score Distribution
Percent of People with Each Score
Percentile by Number Answered
Your Score History
You have not taken this quiz